000
nam a22 7a 4500
999
_c
49265
_d
49265
003
OSt
005
20191102112036.0
008
191102b xxu||||| |||| 00| 0 eng d
040
_c
sero soft
100
_a
Srivastava,o.p
245
_a
Principles of criminal Law
260
_a
Lucknow
_b
EBC
300
_a
424
942
_2
ddc
_c
02